[Event "ICS Rated blitz match"]
[Site "204.178.125.65"]
[Date "2000.10.14"]
[Round "?"]
[White "Hossa"]
[Black "Kair"]
[Result "0-1"]
[WhiteElo "2590"]
[BlackElo "2798"]
[PlyCount "84"]
[EventDate "2000.??.??"]

1. e4 c5 2. Nf3 d6 3. Bc4 e6 4. O-O Nf6 5. d3 Be7 6. Bb3 O-O 7. Na3 a6 8. c3 d5
9. e5 Nfd7 10. d4 cxd4 11. cxd4 f6 12. exf6 Nxf6 13. Nc2 Nc6 14. Bg5 Na5 15.
Ne5 Nxb3 16. axb3 Bd7 17. Re1 Rc8 18. Rc1 Bb5 19. Bxf6 Bxf6 20. Qg4 Qe7 21. Qh3
Rc7 22. Ng4 Rfc8 23. Rxe6 Rxc2 24. Rce1 Qb4 25. Nxf6+ gxf6 26. Qg4+ Kh8 27. Qh4
Qf8 28. Qf4 Rxb2 29. Rxf6 Qe7 30. Rd1 Rd2 31. Qxd2 Qxf6 32. f3 Rg8 33. Qe3 Re8
34. Qd2 Re2 35. Qb4 Qg7 36. g3 Qh6 37. Qf8+ Qxf8 38. Rf1 Qh6 39. h4 Qd2 40. Rb1
Rh2 41. Rb2 Qxb2 42. f4 Qf2# {Hossa checkmated} 0-1

[Event "ICS rated blitz match"]
[Site "204.178.125.65"]
[Date "2000.10.14"]
[Round "?"]
[White "Nothing"]
[Black "Hossa"]
[Result "1-0"]
[WhiteElo "1949"]
[BlackElo "2592"]
[PlyCount "101"]
[EventDate "2000.??.??"]

1. e4 c5 2. d4 cxd4 3. c3 Nf6 4. e5 Nd5 5. cxd4 d6 6. Bc4 e6 7. Nf3 dxe5 8.
Nxe5 Bb4+ 9. Bd2 Bxd2+ 10. Nxd2 Qb6 11. Bxd5 exd5 12. Nb3 Qb4+ 13. Qd2 Qxd2+
14. Kxd2 O-O 15. Rac1 Na6 16. a3 Re8 17. Rhe1 f6 18. Nd3 Rxe1 19. Rxe1 Kf7 20.
Nbc5 Nc7 21. Rc1 Ke7 22. Nxb7 Ne6 23. Na5 Nxd4 24. Rc7+ Kf8 25. Nf4 Bf5 26. f3
a6 27. a4 Rb8 28. Kc3 Ne6 29. Nxe6+ Bxe6 30. Nc6 Ra8 31. Nd4 Bf7 32. b4 g6 33.
b5 axb5 34. axb5 Rb8 35. Kb4 Kg8 36. Kc5 Re8 37. b6 Rb8 38. b7 Rxb7 39. Rxb7
Kf8 40. Kd6 Kg8 41. g4 f5 42. g5 f4 43. Ke5 Be8 44. Kf6 h6 45. Rb8 Kh7 46. Rxe8
h5 47. Re7+ Kg8 48. Ne6 d4 49. Rg7+ Kh8 50. Nf8 h4 51. Nxg6# {Hossa checkmated}
1-0

[Event "ICS rated standard match"]
[Site "204.178.125.65"]
[Date "2000.10.14"]
[Round "?"]
[White "Hossa"]
[Black "BrazilianMaster"]
[Result "0-1"]
[WhiteElo "2393"]
[BlackElo "2641"]
[PlyCount "112"]
[EventDate "2000.??.??"]

1. e4 c5 2. Nf3 d6 3. Bb5+ Nc6 4. O-O Bd7 5. c3 Nf6 6. Re1 a6 7. Bxc6 Bxc6 8.
e5 dxe5 9. Nxe5 Rc8 10. d3 e6 11. Nd2 Be7 12. Nxc6 Rxc6 13. Nc4 O-O 14. Kh1 Rc8
15. Ne5 Qc7 16. Bg5 Rfd8 17. Qf3 Rd5 18. Qe2 Rcd8 19. Kg1 b6 20. h3 h6 21. Bh4
a5 22. b3 b5 23. a4 b4 24. cxb4 axb4 25. Rac1 Rd4 26. Bg3 Bd6 27. Qe3 Rd5 28.
Rc4 Nh5 29. Bh2 f6 30. Nf3 Bxh2+ 31. Nxh2 e5 32. Rec1 Rxd3 33. Rxc5 Rxe3 34.
Rxc7 Rxb3 35. Ng4 Nf4 36. Kf1 Ra8 37. Rd7 Rc3 38. Rb1 Rxa4 39. Ne3 Rd3 40. Rb7
Rb3 41. Rd1 Ne6 42. Nd5 Rb2 43. Kg1 b3 44. Kh2 Rd4 45. Ne7+ Kh7 46. Rf1 Rd3 47.
Rb6 Nd4 48. h4 h5 49. g3 e4 50. Kh3 e3 51. fxe3 Rxe3 52. Rb7 Ree2 53. Rh1 Nf3
54. g4 Re3 55. Kg3 Ng5+ 56. Kf4 Rf3# {Hossa checkmated} 0-1

[Event "ICS rated blitz match"]
[Site "204.178.125.65"]
[Date "2000.10.14"]
[Round "?"]
[White "Hossa"]
[Black "lambChop"]
[Result "0-1"]
[WhiteElo "2568"]
[BlackElo "2566"]
[PlyCount "100"]
[EventDate "2000.??.??"]

1. e4 e5 2. Nc3 Nf6 3. g3 Bc5 4. Bg2 Nc6 5. Nf3 d6 6. d3 a6 7. O-O O-O 8. Be3
Bxe3 9. fxe3 Be6 10. Qe2 Qe7 11. d4 Bg4 12. d5 Na7 13. a4 b5 14. b4 h6 15. a5
Rac8 16. h3 Bxf3 17. Bxf3 c5 18. Na2 cxb4 19. Nxb4 Rc4 20. Rfb1 Rfc8 21. Rb2
Qb7 22. Qg2 R8c7 23. Rf1 Rc3 24. Rb3 Rxb3 25. cxb3 Rc3 26. Rb1 Rxe3 27. Qf2 Rc3
28. Na2 Rc5 29. Nb4 Qc8 30. Kg2 Kf8 31. Rf1 Qb7 32. Qe3 Kg8 33. Kg1 Nc8 34. Bg2
Ne7 35. g4 Qc8 36. g5 hxg5 37. Qxg5 Kf8 38. Rxf6 gxf6 39. Qxf6 Rc1+ 40. Kh2 Qc5
41. h4 Ng6 42. Na2 Qg1+ 43. Kh3 Rd1 44. Kg3 Rd3+ 45. Kg4 Qxg2+ 46. Kh5 Rh3 47.
Qd8+ Kg7 48. Qg5 Qe2+ 49. Qg4 Rxh4+ 50. Kg5 Qxg4# {Hossa checkmated} 0-1

[Event "ICS rated standard match"]
[Site "204.178.125.65"]
[Date "2000.10.14"]
[Round "?"]
[White "kingkiller2"]
[Black "Hossa"]
[Result "0-1"]
[WhiteElo "2139"]
[BlackElo "2387"]
[PlyCount "45"]
[EventDate "2000.??.??"]

1. e4 e5 2. Nf3 Nc6 3. Bc4 Be7 4. O-O Nf6 5. d4 exd4 6. e5 Ng4 7. Bf4 d6 8. h3
dxe5 9. hxg4 exf4 10. Re1 O-O 11. Ne5 Nxe5 12. Rxe5 Bf6 13. Re1 Qd7 14. f3 Qd6
15. Nd2 d3 16. Bxd3 Bxb2 17. Rb1 Bd4+ 18. Kf1 Qh6 19. Ke2 Qh2 20. Rg1 Be6 21.
Nb3 Bxb3 22. Bxh7+ Qxh7 23. Qxd4 {kingkiller2 resigns} 0-1

[Event "ICS rated standard match"]
[Site "204.178.125.65"]
[Date "2000.10.14"]
[Round "?"]
[White "Hossa"]
[Black "Interceptor"]
[Result "0-1"]
[WhiteElo "2393"]
[BlackElo "2498"]
[PlyCount "96"]
[EventDate "2000.??.??"]

1. e4 c5 2. Nf3 d6 3. Bb5+ Bd7 4. Bc4 b5 5. Be2 e5 6. d3 Nf6 7. O-O Be7 8. a3
Nc6 9. Bg5 O-O 10. Kh1 Qb6 11. Nc3 Be6 12. Nd2 b4 13. axb4 cxb4 14. Be3 Qc7 15.
Na2 d5 16. Bf3 dxe4 17. Nxe4 Nxe4 18. Bxe4 f5 19. Bf3 Rad8 20. Bxc6 Qxc6 21.
Nc1 a6 22. f3 Rc8 23. f4 exf4 24. Bxf4 Qxc2 25. Qxc2 Rxc2 26. Re1 Bd5 27. Re2
Rfc8 28. Rxe7 Rxg2 29. Re5 Bf3 30. Re3 Bb7 31. Re7 Ba8 32. h3 Re2+ 33. Kg1 Rxe7
34. Kh2 Rc2+ 35. Kg3 Rg2+ 36. Kh4 Bf3 37. Rxa6 Rd7 38. Nb3 Rxd3 39. Rb6 h6 40.
Bxh6 f4 41. Rb5 gxh6 42. Nc5 Rd5 43. Nd3 Rxb5 44. Nxf4 Rg1 45. b3 Rbg5 46. Ng2
Rf5 47. Kg3 Rxg2+ 48. Kh4 Rh5# {Hossa checkmated} 0-1

[Event "ICS rated blitz match"]
[Site "204.178.125.65"]
[Date "2000.10.14"]
[Round "?"]
[White "Interceptor"]
[Black "Hossa"]
[Result "1-0"]
[WhiteElo "2684"]
[BlackElo "2552"]
[PlyCount "97"]
[EventDate "2000.??.??"]

1. Nf3 Nf6 2. d4 g6 3. c4 Bg7 4. Nc3 O-O 5. Bg5 h6 6. Bh4 d6 7. e3 g5 8. Bg3 c5
9. Bd3 Na6 10. O-O Nh5 11. Qd2 Nxg3 12. hxg3 Nb4 13. a3 Nxd3 14. Qxd3 cxd4 15.
exd4 Bd7 16. Rfe1 e6 17. b4 Qf6 18. Ne4 Qe7 19. g4 Ba4 20. Rac1 Rac8 21. b5 a6
22. Nc3 axb5 23. cxb5 Ra8 24. d5 Qd7 25. Nd4 exd5 26. Nf5 d4 27. Re7 Qd8 28.
Nd5 Rc8 29. Rxc8 Qxc8 30. Nxg7 Qc1+ 31. Kh2 Bxb5 32. Nf6+ Kxg7 33. Nh5+ Kg8 34.
Qxd4 Qf4+ 35. Nxf4 gxf4 36. Rxb7 Ba6 37. Rb6 Bc8 38. Rxd6 Be6 39. Qxf4 Rc8 40.
Qxh6 Re8 41. Rd3 Bxg4 42. Rd5 Bf5 43. Rxf5 Re6 44. Rg5+ Rg6 45. f4 Rxg5 46.
fxg5 f6 47. g6 f5 48. Qh7+ Kf8 49. Qf7# {Hossa checkmated} 1-0

[Event "ICS rated blitz match"]
[Site "204.178.125.65"]
[Date "2000.10.14"]
[Round "?"]
[White "Hossa"]
[Black "Shirav"]
[Result "1-0"]
[WhiteElo "2542"]
[BlackElo "2394"]
[PlyCount "127"]
[EventDate "2000.??.??"]

1. Nf3 Nf6 2. d4 g6 3. c4 Bg7 4. Nc3 d6 5. e4 O-O 6. Be2 e5 7. dxe5 dxe5 8.
Qxd8 Rxd8 9. Bg5 Nbd7 10. Rd1 Rf8 11. O-O c6 12. Nd2 h6 13. Be3 Re8 14. f4 exf4
15. Rxf4 Ne5 16. Bd4 Nfd7 17. Rff1 Bf8 18. Nb3 Nb6 19. c5 Nbc4 20. Nb1 a5 21.
N1d2 Nxd2 22. Nxd2 Nd7 23. Rc1 Ne5 24. h3 a4 25. Rf2 Bg7 26. Bc3 Be6 27. a3
Rad8 28. Rff1 Nd3 29. Bxd3 Rxd3 30. Bxg7 Kxg7 31. Nc4 Bxc4 32. Rxc4 Rb3 33. Rf2
Re5 34. Rfc2 Re3 35. Rxa4 R3xe4 36. Rxe4 Rxe4 37. Kf2 f5 38. Rd2 Re7 39. h4 g5
40. h5 Kf6 41. Rd6+ Re6 42. Rd8 Ke5 43. Rd7 Kf4 44. Rxb7 g4 45. Rd7 g3+ 46. Kf1
Re5 47. b4 Re3 48. Rd4+ Ke5 49. Rd6 Rxa3 50. Rxc6 f4 51. Rc8 Ra1+ 52. Ke2 Ra2+
53. Kf3 Rf2+ 54. Kg4 Rxg2 55. Re8+ Kd5 56. Kxf4 Rg1 57. Rd8+ Kc6 58. Kf3 Rh1
59. Rd6+ Kb5 60. Rxh6 Rh3 61. Kg2 Rh4 62. Kxg3 Rxb4 63. Rb6+ Kxc5 64. Rxb4 {
Shirav resigns} 1-0

[Event "ICS rated standard match"]
[Site "204.178.125.65"]
[Date "2000.10.14"]
[Round "?"]
[White "Interceptor"]
[Black "Hossa"]
[Result "1-0"]
[WhiteElo "2509"]
[BlackElo "2382"]
[PlyCount "165"]
[EventDate "2000.??.??"]

1. Nf3 d5 2. g3 Nc6 3. c4 dxc4 4. Bg2 Rb8 5. O-O e5 6. Nc3 a6 7. Ne1 Be6 8.
Bxc6+ bxc6 9. Qa4 Rb6 10. d3 Bh3 11. dxc4 Bxf1 12. Kxf1 Qd7 13. Be3 c5 14.
Qxd7+ Kxd7 15. Nd3 Ke6 16. Na4 Rc6 17. Naxc5+ Bxc5 18. Nxc5+ Ke7 19. Nd3 e4 20.
Nb4 Re6 21. Nd5+ Kd7 22. Bf4 Rc6 23. Rd1 Kc8 24. Rd4 f5 25. Be5 h5 26. Bxg7 Rh7
27. Be5 Re6 28. Bf4 Rd7 29. b4 Kb7 30. Rd2 c6 31. Nc3 Rxd2 32. Bxd2 Rd6 33. Be3
Nf6 34. h3 Nd7 35. Ke1 Rg6 36. Na4 Rg8 37. Kd2 Rh8 38. Bd4 Ra8 39. Ke3 a5 40.
b5 cxb5 41. cxb5 Rc8 42. Nc3 Nb6 43. g4 Nc4+ 44. Kf4 fxg4 45. hxg4 e3 46. gxh5
exf2 47. Bxf2 Rf8+ 48. Kg3 Rf5 49. a4 Rxh5 50. e4 Rh8 51. Bd4 Rc8 52. Kf3 Nb2
53. e5 Rf8+ 54. Ke4 Re8 55. Kf5 Rf8+ 56. Kg5 Rg8+ 57. Kf6 Rf8+ 58. Kg5 Rg8+ 59.
Kf6 Rf8+ 60. Ke6 Rd8 61. Be3 Rd3 62. Bc1 Rxc3 63. Bxb2 Rc2 64. Bd4 Rc4 65. Kd5
Rc8 66. e6 Re8 67. Bc5 Kc7 68. Bd6+ Kc8 69. e7 Kd7 70. b6 Rh8 71. b7 Rh5+ 72.
Be5 Rh1 73. e8=Q+ Kxe8 74. b8=Q+ Kf7 75. Qc7+ Kg6 76. Qg7+ Kf5 77. Qf6+ Kg4 78.
Ke6 Rg1 79. Qf4+ Kh3 80. Qf3+ Kh4 81. Bf6+ Rg5 82. Qg2 Kh5 83. Qxg5# {
Hossa checkmated} 1-0

[Event "ICS rated standard match"]
[Site "204.178.125.65"]
[Date "2000.10.14"]
[Round "?"]
[White "Hossa"]
[Black "marag"]
[Result "1-0"]
[WhiteElo "2372"]
[BlackElo "1940"]
[PlyCount "59"]
[EventDate "2000.??.??"]

1. Nf3 e6 2. d4 Be7 3. e4 g5 4. Bd3 g4 5. Ne5 h5 6. d5 d6 7. Bb5+ Bd7 8. dxe6
fxe6 9. Nxd7 Nxd7 10. Bc4 Nf8 11. O-O c6 12. Bf4 b5 13. Bb3 e5 14. Be3 Ng6 15.
a4 a6 16. axb5 axb5 17. Bb6 Qc8 18. Be6 Qb7 19. Rxa8+ Qxa8 20. Bc7 Nf4 21. Bxg8
Rxg8 22. Bxd6 Ng6 23. Bxe7 Kxe7 24. Qd2 Nf4 25. Qb4+ Ke6 26. Kh1 Rd8 27. Qb3+
Kf6 28. f3 gxf3 29. g3 Qa7 30. Qxf3 {marag resigns} 1-0

[Event "ICS rated standard match"]
[Site "204.178.125.65"]
[Date "2000.10.14"]
[Round "?"]
[White "marag"]
[Black "Hossa"]
[Result "0-1"]
[WhiteElo "1938"]
[BlackElo "2374"]
[PlyCount "32"]
[EventDate "2000.??.??"]

1. d4 Nf6 2. Nc3 d5 3. f3 e6 4. e4 dxe4 5. fxe4 e5 6. dxe5 Qxd1+ 7. Kxd1 Ng4 8.
Ke1 Nxe5 9. Bf4 Nbc6 10. Bxe5 Nxe5 11. Nd5 Bd6 12. Nf3 Ng4 13. h3 Bg3+ 14. Ke2
Nf2 15. Rg1 Nxe4 16. Nxc7+ Bxc7 {marag resigns} 0-1

[Event "ICS rated standard match"]
[Site "204.178.125.65"]
[Date "2000.10.14"]
[Round "?"]
[White "Hossa"]
[Black "marag"]
[Result "1-0"]
[WhiteElo "2376"]
[BlackElo "1936"]
[PlyCount "41"]
[EventDate "2000.??.??"]

1. Nf3 e6 2. d4 Be7 3. e4 g5 4. Bd3 d6 5. O-O g4 6. Nfd2 h5 7. Nb3 Nc6 8. Re1
Nb4 9. Bb5+ c6 10. Be2 a5 11. c3 Na6 12. Bf4 e5 13. dxe5 a4 14. exd6 axb3 15.
dxe7 Qxe7 16. Bd6 Qe6 17. axb3 Nf6 18. Bc4 Qd7 19. Qd4 Rh6 20. Qe5+ Kd8 21. Rd1
{marag resigns} 1-0

[Event "ICS rated blitz match"]
[Site "204.178.125.65"]
[Date "2000.10.14"]
[Round "?"]
[White "Hossa"]
[Black "did"]
[Result "0-1"]
[WhiteElo "2568"]
[BlackElo "2610"]
[PlyCount "76"]
[EventDate "2000.??.??"]

1. Nf3 Nf6 2. d4 e6 3. c4 d5 4. Nc3 Be7 5. e3 O-O 6. c5 b6 7. cxb6 axb6 8. Bd3
Nc6 9. Bd2 Nb4 10. Bb1 Ba6 11. a3 Nc6 12. Bc1 Bd6 13. Bc2 h6 14. Ba4 Ne7 15.
Ne5 Bxe5 16. dxe5 Ne4 17. Nxe4 dxe4 18. Qxd8 Rfxd8 19. Bd2 Bd3 20. Bb3 c5 21.
O-O-O Nc6 22. Bc3 b5 23. Bc2 b4 24. Be1 bxa3 25. bxa3 Rxa3 26. Kb2 Rda8 27.
Bxd3 exd3 28. Rb1 Ra2+ 29. Kc1 Rc2+ 30. Kd1 Nxe5 31. Bd2 Raa2 32. Bc3 Rxc3 33.
Rg1 Nc4 34. Rh1 Rxf2 35. Rb8+ Kh7 36. Rh8+ Kxh8 37. Ke1 Re2+ 38. Kd1 Nxe3# {
Hossa checkmated} 0-1

[Event "ICS rated standard match"]
[Site "204.178.125.65"]
[Date "2000.10.14"]
[Round "?"]
[White "marag"]
[Black "Hossa"]
[Result "0-1"]
[WhiteElo "1921"]
[BlackElo "2378"]
[PlyCount "28"]
[EventDate "2000.??.??"]

1. d4 d5 2. e4 dxe4 3. Nc3 Nf6 4. f3 exf3 5. Nxf3 e6 6. Bd3 Be7 7. O-O Nc6 8.
Be3 Ng4 9. Qe1 Nb4 10. Rd1 Nxe3 11. Qxe3 O-O 12. a3 Nxd3 13. Rxd3 b6 14. Qe4
Ba6 {marag resigns} 0-1

[Event "ICS rated blitz match"]
[Site "204.178.125.65"]
[Date "2000.10.14"]
[Round "?"]
[White "Hossa"]
[Black "HaraldLdahl"]
[Result "0-1"]
[WhiteElo "2554"]
[BlackElo "2229"]
[PlyCount "172"]
[EventDate "2000.??.??"]

1. e4 Nf6 2. Bc4 e6 3. e5 d5 4. Be2 Nfd7 5. Nf3 c5 6. O-O b6 7. d4 a5 8. Bg5
Be7 9. Bxe7 Qxe7 10. Na3 Ba6 11. Nb5 Bxb5 12. Bxb5 O-O 13. c3 Rc8 14. Rc1 Nc6
15. Qa4 Ndb8 16. Qb3 c4 17. Qd1 Na7 18. Ba4 b5 19. Bc2 b4 20. Rb1 Nb5 21. Ba4
Qb7 22. Qc2 h6 23. Qc1 Nc6 24. Qf4 Rab8 25. a3 Qe7 26. axb4 axb4 27. Qe3 b3 28.
Qf4 Nd8 29. Ra1 Nc7 30. Rfe1 Ra8 31. Re2 Ra7 32. Ra3 Rca8 33. Bxb3 Rxa3 34.
bxa3 cxb3 35. Rb2 Qxa3 36. Qc1 Rb8 37. Ne1 Nc6 38. Nc2 Qa4 39. Na1 Na5 40. Nc2
Nc4 41. Rb1 b2 42. Qd1 Qa2 43. Nb4 Rxb4 44. cxb4 Nb5 45. Qd3 Qa3 46. Qf1 Qxb4
47. Qd3 Nba3 48. Rd1 b1=Q 49. Rxb1 Qxb1+ 50. Qxb1 Nxb1 51. f4 Nc3 52. Kf2 Nb5
53. Ke2 Nxd4+ 54. Kd3 Nc6 55. g3 g5 56. h3 Kg7 57. Kc3 Kg6 58. fxg5 hxg5 59.
Kb3 N6xe5 60. Kb4 Nd7 61. Kb5 Kf5 62. Kc6 d4 63. Kxd7 d3 64. g4+ Ke5 65. Ke7 d2
66. Kxf7 d1=Q 67. Kg6 Qd7 68. h4 Qe8+ 69. Kh7 gxh4 70. Kg7 Ne3 71. Kh7 Nxg4 72.
Kg7 Qe7+ 73. Kg6 Qf6+ 74. Kh5 Qg5+ 75. Kxg5 h3 76. Kg6 h2 77. Kf7 h1=Q 78. Ke7
Qh6 79. Kd7 Kd5 80. Kc7 e5 81. Kb7 Qc6+ 82. Ka7 Nf6 83. Kb8 Qd7 84. Ka8 Ne8 85.
Kb8 Nd6 86. Ka8 Qb7# {Hossa checkmated} 0-1

[Event "ICS rated standard match"]
[Site "204.178.125.65"]
[Date "2000.10.14"]
[Round "?"]
[White "Hossa"]
[Black "marag"]
[Result "1-0"]
[WhiteElo "2380"]
[BlackElo "1907"]
[PlyCount "67"]
[EventDate "2000.??.??"]

1. d4 e5 2. dxe5 Nc6 3. e4 Qe7 4. Nc3 Nxe5 5. Nd5 Qd8 6. f4 c6 7. Nc3 Ng6 8.
Nf3 d6 9. Be3 Nh6 10. Qd2 Ng4 11. Bd4 f6 12. h3 Nh6 13. O-O-O Nf7 14. Bf2 b5
15. Ne2 a5 16. Ned4 Qc7 17. g3 a4 18. Qc3 Bd7 19. Bxb5 Nd8 20. f5 Ne5 21. Nxe5
fxe5 22. Nf3 Qb7 23. Bc4 c5 24. Nxe5 dxe5 25. Qxe5+ Be7 26. Bxc5 Nc6 27. Qxg7
O-O-O 28. Bxe7 Nxe7 29. Qxe7 Rhe8 30. Qd6 Bc6 31. Be6+ Bd7 32. Rd5 Rxe6 33.
fxe6 Bc6 34. Qxd8# {marag checkmated} 1-0

[Event "ICS rated standard match"]
[Site "204.178.125.65"]
[Date "2000.10.14"]
[Round "?"]
[White "marag"]
[Black "Hossa"]
[Result "0-1"]
[WhiteElo "1905"]
[BlackElo "2382"]
[PlyCount "110"]
[EventDate "2000.??.??"]

1. d4 Nf6 2. Nc3 d5 3. e4 Nxe4 4. Nxe4 dxe4 5. Bc4 Nc6 6. c3 e5 7. Be3 exd4 8.
cxd4 Bb4+ 9. Kf1 O-O 10. a3 Bd6 11. Ne2 Bg4 12. h3 Qh4 13. Qc2 Ne7 14. Ng3 Bxg3
15. fxg3 Nf5 16. Qf2 Nxg3+ 17. Ke1 Bd7 18. Bf4 Nf5 19. Qxh4 Nxh4 20. g3 Ng2+
21. Kf2 Nxf4 22. gxf4 Rfe8 23. Ke3 Be6 24. d5 Bf5 25. Rag1 Rad8 26. h4 Kf8 27.
h5 Rd6 28. Rg5 Bd7 29. Rhg1 g6 30. hxg6 fxg6 31. f5 Bxf5 32. Rf1 Ke7 33. Rgxf5
gxf5 34. Rxf5 Rdd8 35. Kxe4 Kd6+ 36. Kd4 Rf8 37. Rh5 Rf4+ 38. Kc3 Rf7 39. Kd4
Ke7 40. Rh6 Rd6 41. Rh4 h6 42. b4 Rf5 43. b5 Rf3 44. a4 Ra3 45. Re4+ Kd8 46.
Rg4 Rxa4 47. Rg8+ Kd7 48. Rg7+ Kc8 49. Rg8+ Rd8 50. Rg6 c6 51. bxc6 b5 52. Kc5
Rxc4+ 53. Kxb5 Rd4 54. Rxh6 R8xd5+ 55. Ka6 Ra4# {marag checkmated} 0-1

[Event "ICS rated standard match"]
[Site "204.178.125.65"]
[Date "2000.10.14"]
[Round "?"]
[White "Hossa"]
[Black "marag"]
[Result "1-0"]
[WhiteElo "2384"]
[BlackElo "1903"]
[PlyCount "65"]
[EventDate "2000.??.??"]

1. d4 d5 2. c4 e6 3. Nf3 Nf6 4. Bf4 Bb4+ 5. Nbd2 Ne4 6. e3 Nxd2 7. Nxd2 Bxd2+
8. Qxd2 O-O 9. c5 b6 10. cxb6 axb6 11. Qc2 c5 12. dxc5 bxc5 13. Qxc5 Nd7 14.
Qc3 e5 15. Bxe5 Nxe5 16. Qxe5 Re8 17. Qd4 Re4 18. Qd2 Be6 19. Bd3 Rea4 20. a3
d4 21. Bc2 R4a7 22. Qxd4 Qg5 23. O-O Bh3 24. Be4 Rd7 25. Bxa8 Rxd4 26. exd4 h5
27. Rfe1 Bf5 28. Re8+ Kh7 29. Re5 Qf4 30. g3 Qg4 31. Rae1 f6 32. Rxf5 Qxf5 33.
Be4 {marag resigns} 1-0

[Event "ICS rated standard match"]
[Site "204.178.125.65"]
[Date "2000.10.14"]
[Round "?"]
[White "marag"]
[Black "Hossa"]
[Result "0-1"]
[WhiteElo "1901"]
[BlackElo "2386"]
[PlyCount "74"]
[EventDate "2000.??.??"]

1. d4 Nf6 2. g4 Nxg4 3. e4 d6 4. Be2 Nf6 5. Nc3 e6 6. Nf3 Be7 7. Rg1 Bf8 8. e5
dxe5 9. Nxe5 g6 10. Bg5 Bg7 11. Qd2 h6 12. Bh4 Nc6 13. Nxc6 bxc6 14. O-O-O O-O
15. Ne4 Nxe4 16. Bxd8 Nxd2 17. Bxc7 Ne4 18. f3 Nf6 19. Bd3 Nd5 20. Bd6 Bxd4 21.
Bxf8 Bxg1 22. Bxh6 Bxh2 23. c4 Bf4+ 24. Bxf4 Nxf4 25. Be4 Bb7 26. Rd7 Rb8 27.
b4 f5 28. Bc2 c5 29. b5 Bxf3 30. Rxa7 Bb7 31. a4 Ne2+ 32. Kd2 Nd4 33. Bd1 Bf3
34. a5 Rd8 35. a6 Nxb5+ 36. Ke3 Nxa7 37. Bxf3 g5 {marag resigns} 0-1

[Event "ICS rated blitz match"]
[Site "204.178.125.65"]
[Date "2000.10.14"]
[Round "?"]
[White "kokomo"]
[Black "Hossa"]
[Result "0-1"]
[WhiteElo "1900"]
[BlackElo "2556"]
[PlyCount "74"]
[EventDate "2000.??.??"]

1. c4 Nf6 2. Nc3 g6 3. g3 Bg7 4. Bg2 c6 5. e4 d6 6. Nge2 e5 7. d3 O-O 8. O-O
Na6 9. h3 Be6 10. Be3 Qd7 11. Kh2 Qe7 12. f4 Rfd8 13. Qd2 b6 14. g4 Nc5 15. f5
gxf5 16. gxf5 Bc8 17. b4 Na6 18. a3 Nc7 19. Bf3 d5 20. cxd5 cxd5 21. Bh6 Nfe8
22. Rg1 d4 23. Bxg7 Nxg7 24. Qh6 f6 25. Nd1 a5 26. bxa5 Rxa5 27. Ng3 Nce8 28.
Nh5 Bb7 29. Rxg7+ Nxg7 30. Nxf6+ Kf7 31. Bh5+ Nxh5 32. Nxh5 Rda8 33. Nf2 Ke8
34. Rg1 Bd5 35. Nf6+ Qxf6 36. Qxf6 Bf7 37. Qxe5+ Rxe5 {kokomo resigns} 0-1

[Event "ICS rated blitz match"]
[Site "204.178.125.65"]
[Date "2000.10.14"]
[Round "?"]
[White "claudi"]
[Black "Hossa"]
[Result "0-1"]
[WhiteElo "2363"]
[BlackElo "2557"]
[PlyCount "96"]
[EventDate "2000.??.??"]

1. d4 Nf6 2. Nf3 e6 3. Bf4 b6 4. e3 Bb7 5. Nbd2 Be7 6. h3 O-O 7. c3 c5 8. Bh2
cxd4 9. exd4 d6 10. Be2 Qc7 11. O-O Nc6 12. Re1 a6 13. a4 Rfe8 14. Bf1 Na5 15.
Rc1 Bd5 16. c4 Bc6 17. b4 Nb7 18. Qb3 Qd7 19. b5 Bxf3 20. Nxf3 axb5 21. axb5
Ra5 22. Qe3 Ra2 23. d5 Nc5 24. dxe6 fxe6 25. Nd4 Nfe4 26. Re2 Rea8 27. Rxa2
Rxa2 28. Rc2 Ra1 29. f3 Bg5 30. Qe2 Ra3 31. f4 e5 32. Nf3 Bxf4 33. Bxf4 exf4
34. Qd1 Kh8 35. Qc1 Re3 36. Ra2 Kg8 37. Qd1 Qb7 38. Qd4 Nc3 39. Rf2 N5e4 40.
Rc2 Qa7 41. Bd3 Kh8 42. Bxe4 Nxe4 43. Rc1 Qb7 44. Ra1 Kg8 45. Ra6 Nc5 46. Qd5+
Qxd5 47. cxd5 Nxa6 48. bxa6 Ra3 {claudi resigns} 0-1

[Event "ICS rated blitz match"]
[Site "204.178.125.65"]
[Date "2000.10.14"]
[Round "?"]
[White "Hossa"]
[Black "Mosquito"]
[Result "1-0"]
[WhiteElo "2565"]
[BlackElo "2329"]
[PlyCount "25"]
[EventDate "2000.??.??"]

1. e4 c5 2. Nf3 Nc6 3. d4 cxd4 4. Nxd4 g6 5. Nc3 Bg7 6. Be3 d6 7. Bc4 Nf6 8.
Nxc6 bxc6 9. f3 O-O 10. O-O Be6 11. Bxe6 fxe6 12. Qd3 Qa5 13. Qc4 {
Mosquito resigns} 1-0

[Event "ICS rated blitz match"]
[Site "204.178.125.65"]
[Date "2000.10.14"]
[Round "?"]
[White "babybirba"]
[Black "Hossa"]
[Result "0-1"]
[WhiteElo "1948"]
[BlackElo "2572"]
[PlyCount "42"]
[EventDate "2000.??.??"]

1. e4 Nf6 2. e5 Nd5 3. c4 Nb6 4. c5 Nd5 5. Nc3 e6 6. Bc4 c6 7. Ne4 Qa5 8. Bxd5
exd5 9. Nd6+ Bxd6 10. cxd6 O-O 11. Nf3 f6 12. O-O fxe5 13. Nxe5 Qb4 14. d4 Qxd6
15. Qg4 Qc7 16. Bh6 d6 17. Qg5 dxe5 18. dxe5 Rf5 19. Qg3 Qxe5 20. Qxg7+ Qxg7
21. Bxg7 Kxg7 {babybirba resigns} 0-1

[Event "ICS Rated blitz match"]
[Site "204.178.125.65"]
[Date "2000.10.14"]
[Round "?"]
[White "Hossa"]
[Black "vigleik"]
[Result "1-0"]
[WhiteElo "2573"]
[BlackElo "2285"]
[PlyCount "89"]
[EventDate "2000.??.??"]

1. d4 Nf6 2. c4 c5 3. d5 e6 4. Nc3 exd5 5. cxd5 d6 6. Nf3 g6 7. e4 Bg7 8. Bg5
O-O 9. Bd3 Nbd7 10. O-O h6 11. Bf4 Ne8 12. Qd2 Kh7 13. Qc1 Qe7 14. Qc2 Ne5 15.
Nxe5 Bxe5 16. Qd2 Bxf4 17. Qxf4 Qg5 18. Qxg5 hxg5 19. Rfe1 f6 20. Re3 Kg7 21.
h3 Bd7 22. Bb5 Bxb5 23. Nxb5 a6 24. Nc3 b5 25. Kf1 Nc7 26. a3 Rae8 27. Rc1 Re5
28. b3 Rfe8 29. Rg3 R8e7 30. f3 b4 31. axb4 cxb4 32. Nb1 Nb5 33. Nd2 Nc3 34.
Ra1 Ra7 35. Nc4 a5 36. Nxe5 dxe5 37. Rc1 Rb7 38. Ke1 a4 39. bxa4 b3 40. f4 b2
41. Rgxc3 bxc1=Q+ 42. Rxc1 gxf4 43. d6 Rb6 44. d7 Rd6 45. Rd1 {vigleik resigns}
1-0

[Event "ICS rated standard match"]
[Site "204.178.125.65"]
[Date "2000.10.14"]
[Round "?"]
[White "Malibu"]
[Black "Hossa"]
[Result "0-1"]
[WhiteElo "2118"]
[BlackElo "2375"]
[PlyCount "46"]
[EventDate "2000.??.??"]

1. d4 Nf6 2. Nf3 e6 3. e3 b6 4. Bd3 Bb7 5. O-O c5 6. c3 Bxf3 7. Qxf3 d5 8. Nd2
Nc6 9. e4 cxd4 10. exd5 Qxd5 11. Ne4 Ng8 12. Bf4 e5 13. Rfe1 Rd8 14. cxd4 Nxd4
15. Qh5 Ne6 16. Ng5 Qxg2+ 17. Kxg2 Nxf4+ 18. Kf1 Nxh5 19. Bb5+ Ke7 20. Rxe5+
Kf6 21. Rae1 Bb4 22. R1e4 Bd6 23. Rd5 Ne7 {Malibu resigns} 0-1

[Event "ICS rated blitz match"]
[Site "204.178.125.65"]
[Date "2000.10.14"]
[Round "?"]
[White "TAICHIMASTER2"]
[Black "Hossa"]
[Result "0-1"]
[WhiteElo "2343"]
[BlackElo "2579"]
[PlyCount "96"]
[EventDate "2000.??.??"]

1. e4 Nf6 2. e5 Nd5 3. d4 d6 4. c4 Nb6 5. exd6 exd6 6. Nf3 Be7 7. Be2 O-O 8. b3
Re8 9. O-O Nc6 10. Be3 Bf5 11. Nbd2 Nb4 12. Ne1 Bf6 13. a3 Nc6 14. Nef3 d5 15.
c5 Nd7 16. b4 a6 17. Re1 Nf8 18. h3 Ne6 19. Nb3 Be4 20. Qd2 Qe7 21. a4 Qd7 22.
b5 Ne7 23. Ng5 Nxg5 24. Bxg5 Bxg5 25. Qxg5 axb5 26. axb5 Rxa1 27. Rxa1 Ng6 28.
Bf1 Bc2 29. Na5 c6 30. Qd2 Be4 31. b6 Ra8 32. Nb3 Rxa1 33. Nxa1 Qf5 34. Nb3 Nf8
35. Na5 Qc8 36. Bd3 Bxd3 37. Qxd3 Ne6 38. Qe3 Qa8 39. Nb3 Qa2 40. g3 h5 41. h4
g6 42. Qc3 Qe2 43. Na5 Nxd4 44. Nxb7 Nf3+ 45. Kg2 Ne1+ 46. Kg1 d4 47. Qa1 Qe4
48. Nd6 Qg2# {TAICHIMASTER2 checkmated} 0-1

[Event "ICS Unrated standard match"]
[Site "204.178.125.65"]
[Date "2000.10.14"]
[Round "?"]
[White "ida1"]
[Black "Hossa"]
[Result "0-1"]
[WhiteElo "1999"]
[BlackElo "2587"]
[PlyCount "48"]
[EventDate "2000.??.??"]

1. e4 Nf6 2. e5 Nd5 3. c4 Nb6 4. d4 d6 5. f4 dxe5 6. fxe5 Bf5 7. Nc3 Nc6 8. Be3
Nb4 9. Rc1 e6 10. a3 Nc6 11. Be2 Be7 12. Nf3 Bg4 13. O-O O-O 14. h3 Bxf3 15.
Rxf3 Bg5 16. Bxg5 Qxg5 17. Ne4 Qh4 18. g4 Rad8 19. Rd3 Qh6 20. g5 Qg6 21. Bf3
f6 22. exf6 gxf6 23. Kh2 fxg5 24. Qg1 Ne5 {ida1 resigns} 0-1